00366nam a2200145Ia 4500008004100000084001500041100002500056245003700081250002000118260001800138260000900156260001100165300000900176500003500185180424s9999 xx 000 0 und d a510.78 M33 a"Marshall, George R" 0aComputer Graphics in Application a\\198700ENGGPSX aPrentice Hall b1987 cLondon a454p aincludes index and biblioraphy